000 00593nam a2200229Ia 4500
003 OSt
005 20220918205403.0
006 a|||||r|||| 00| 0
007 ta
008 220917b |||||||| |||| 00| 0 eng d
024 _a116,380
037 _cTextual
040 _aARTS
_cARTS
_beng
041 _2eng
_aeng
082 _aV592:190w04:N3, G2
100 _aLadas S P
_9114961
245 0 _aExchange of minorities Bulgaria Greece and Turkey
260 _c1932
650 _aHISTORY
942 _hV592:190w04:N3, G2
_cTEXL
_2CC
999 _c239707
_d239707